La renta por la enajenación de las monedas digitales y el principio de reserva de ley en materia tributaria (Registro nro. 35265)

Detalles MARC
000 -LEADER
fixed length control field 00379 a2200109 4500
001 - CONTROL NUMBER
control field ART_51998
005 - DATE AND TIME OF LATEST TRANSACTION
control field 20260410162045.0
008 - FIXED-LENGTH DATA ELEMENTS--GENERAL INFORMATION
fixed length control field 260409a
100 1# - MAIN ENTRY--PERSONAL NAME
Personal name Coronello, Silvina E.
245 10 - TITLE STATEMENT
Title La renta por la enajenación de las monedas digitales y el principio de reserva de ley en materia tributaria
773 0# - HOST ITEM ENTRY
Title Impuestos
Related parts - N°75 (mayo 2020)
Record control number REV45175

No hay ítems disponibles.